名前に「緑」がつく駅 - Statistics

General Stats
  • This quiz has been taken 83 times
  • The average score is 9 of 15
Answer Stats
Hint Answer % Correct
釧網本線
100%
富良野線 緑が丘
88%
東急大井町線 緑が丘
88%
神鉄粟生線 緑が丘
88%
大阪メトロ長堀鶴見緑地線 鶴見緑地
81%
北大阪急行電鉄 緑地公園
67%
相鉄いずみ野線 緑園都市
66%
東葉高速鉄道 八千代緑が丘
64%
伊豆箱根鉄道大雄山線 緑町
51%
可部線 緑井
48%
名鉄知多新線 美浜緑苑
46%
大阪メトロ中央線大阪メトロ今里筋線 緑橋
46%
名古屋市営地下鉄鶴舞線 庄内緑地公園
42%
三角線 緑川
37%
岡山電気軌道 西川緑道公園
19%
No matching quizzes found
Score Distribution
Percent of People with Each Score
Percentile by Number Answered
Your Score History
You have not taken this quiz